000
00304nam a22001337a 4500
008
181102b xxu||||| |||| 00| 0 eng d
020
_a
9780534506551
041
_a
eng
080
_2
5 TH
_a
159.9
100
_a
48
101
_a
PSI
245
_a
Morality In Practice
_c
Sterba.J.P
942
_2
udc
_c
BK
999
_c
51635
_d
51635